[Event "Tenerife-chT Primera 1819"]
[Site "Tenerife"]
[Date "2019.04.06"]
[Round "13.2"]
[White "Zamanillo Iranzo, Jose Ignacio"]
[Black "Gonzalez Curbelo, Paula"]
[Result "0-1"]
[WhiteElo "1705"]
[BlackElo "1614"]
[PlyCount "46"]
[EventDate "2018.11.24"]
[EventType "team-tourn"]
[EventRounds "14"]
[EventCountry "ESP"]
[SourceTitle "CBM 189 Extra"]
[Source "ChessBase"]
[SourceDate "2019.05.31"]
[SourceVersion "1"]
[SourceVersionDate "2019.05.31"]
[SourceQuality "1"]
[WhiteTeam "La Victoria 94"]
[BlackTeam "Al Shah Mat Los Realejos"]
[WhiteTeamCountry "ESP"]
[BlackTeamCountry "ESP"]

1. e4 c5 2. Nf3 g6 3. d4 cxd4 4. Nxd4 Bg7 5. Be3 Nc6 6. Nc3 Nf6 7. f3 Qb6 8. Nf5 Qxb2 9. Nxg7+ Kf8 10. Bd2 Kxg7 11. Nb5 Qe5 12. Bc3 Qb8 13. Qd2 a6 14. Nd4 b5 15. Nxc6 dxc6 16. f4 Bb7 17. e5 Ne4 18. e6+ f6 19. Qd7 Qxf4 20. Qxe7+ Kh6 21. Be2 Qf2+ 22. Kd1 Rad8+ 23. Kc1 Qe3+ 0-1

[Event "Tenerife-chT Primera 1819"]
[Site "Tenerife"]
[Date "2019.03.30"]
[Round "12.2"]
[White "Zamanillo Iranzo, Jose Ignacio"]
[Black "Mamani Beltran, Deniman"]
[Result "0-1"]
[WhiteElo "1705"]
[BlackElo "1815"]
[PlyCount "78"]
[EventDate "2018.11.24"]
[EventType "team-tourn"]
[EventRounds "14"]
[EventCountry "ESP"]
[SourceTitle "CBM 189 Extra"]
[Source "ChessBase"]
[SourceDate "2019.05.31"]
[SourceVersion "1"]
[SourceVersionDate "2019.05.31"]
[SourceQuality "1"]
[WhiteTeam "La Victoria 94"]
[BlackTeam "Fundacion La Caja de Canarias II"]
[WhiteTeamCountry "ESP"]
[BlackTeamCountry "ESP"]

1. e4 e6 2. Qe2 Be7 3. Nf3 d5 4. d3 Nf6 5. Bf4 0-0 6. g3 c5 7. Bg2 Nc6 8. Nc3 d4 9. Nd1 Re8 10. 0-0 Bf8 11. c3 e5 12. Bd2 Bg4 13. h3 Bh5 14. g4 Bg6 15. Bg5 h5 16. Nh4 hxg4 17. Nxg6 gxh3 18. Bxh3 fxg6 19. f4 exf4 20. Rxf4 Bd6 21. Rf2 c4 22. dxc4 d3 23. Qf1 Bc5 24. Be3 Bxe3 25. Nxe3 Nxe4 26. Rg2 Qb6 27. Qxd3 Rad8 28. Qe2 Nxc3 29. bxc3 Rxe3 30. Qf2 Rf8 31. Be6+ Rxe6 32. Qxb6 axb6 33. Rb1 Na5 34. Rb4 Rf4 35. c5 Rxb4 36. cxb4 Nc6 37. b5 Nd4 38. cxb6 Rxb6 39. Rb2 Rxb5 0-1

[Event "Tenerife-chT Primera 1819"]
[Site "Tenerife"]
[Date "2018.12.01"]
[Round "2.3"]
[White "De Castro de Leon, Jorge"]
[Black "Zamanillo Iranzo, Jose Ignacio"]
[Result "1/2-1/2"]
[WhiteElo "1677"]
[BlackElo "1705"]
[PlyCount "56"]
[EventDate "2018.11.24"]
[EventType "team-tourn"]
[EventRounds "14"]
[EventCountry "ESP"]
[SourceTitle "CBM 189 Extra"]
[Source "ChessBase"]
[SourceDate "2019.05.31"]
[SourceVersion "1"]
[SourceVersionDate "2019.05.31"]
[SourceQuality "1"]
[WhiteTeam "El Sauzal Libreria Barco"]
[BlackTeam "La Victoria 94"]
[WhiteTeamCountry "ESP"]
[BlackTeamCountry "ESP"]

1. e4 e5 2. Nf3 Nc6 3. Bb5 a6 4. Ba4 Nf6 5. 0-0 b5 6. Bb3 Be7 7. c3 d6 8. h3 0-0 9. Re1 Na5 10. d4 Nxb3 11. Qxb3 exd4 12. cxd4 c5 13. dxc5 dxc5 14. Bf4 c4 15. Qc2 Bb7 16. Nc3 Qb6 17. Rad1 Rad8 18. Ng5 h6 19. e5 hxg5 20. Bxg5 Rxd1 21. Rxd1 Re8 22. exf6 Bxf6 23. Nd5 Bxd5 24. Rxd5 Bxg5 25. Rxg5 Qe6 26. Kh2 Qe2 27. Qc3 g6 28. Qd4 Qe6 1/2-1/2

[Event "Tenerife-chT Primera 1819"]
[Site "Tenerife"]
[Date "2018.11.24"]
[Round "1.2"]
[White "Hernandez Perez, Javier"]
[Black "Zamanillo Iranzo, Jose Ignacio"]
[Result "1/2-1/2"]
[WhiteElo "1557"]
[BlackElo "1705"]
[PlyCount "132"]
[EventDate "2018.11.24"]
[EventType "team-tourn"]
[EventRounds "14"]
[EventCountry "ESP"]
[SourceTitle "CBM 189 Extra"]
[Source "ChessBase"]
[SourceDate "2019.05.31"]
[SourceVersion "1"]
[SourceVersionDate "2019.05.31"]
[SourceQuality "1"]
[WhiteTeam "Benito"]
[BlackTeam "La Victoria 94"]
[WhiteTeamCountry "ESP"]
[BlackTeamCountry "ESP"]

1. d4 d5 2. c4 e6 3. Nc3 Nf6 4. Nf3 Nbd7 5. e3 Be7 6. Bd3 0-0 7. 0-0 dxc4 8. Bxc4 c5 9. Re1 cxd4 10. exd4 a6 11. Bg5 b5 12. Bb3 Bb7 13. a3 Nb6 14. Rc1 Rc8 15. Be3 Nbd5 16. Nxd5 Bxd5 17. Rxc8 Qxc8 18. Bxd5 Nxd5 19. Qb3 Qd7 20. Rc1 Rc8 21. Rc2 Rxc2 22. Qxc2 Qc7 23. Qxc7 Nxc7 24. Kf1 f6 25. Ke2 Nd5 26. Bd2 Kf7 27. Ne1 Nb6 28. Nd3 Ke8 29. Nc5 Bxc5 30. dxc5 Nc4 31. Bc1 Kd7 32. b4 Kc6 33. f3 Kd5 34. Kd3 Ne5+ 35. Kc3 Nc6 36. Be3 e5 37. Kd3 f5 38. Kc3 h5 39. h3 f4 40. Bf2 e4 41. fxe4+ Kxe4 42. h4 Kf5 43. Kd3 Ke5 44. g3 fxg3 45. Bxg3+ Kf5 46. Ke3 a5 47. Be1 axb4 48. axb4 g6 49. Bc3 Ne7 50. Kd4 Ke6 51. Ke4 Nd5 52. Bd2 Nf6+ 53. Kf4 Ng4 54. Bc3 Nf2 55. Bd2 Kd5 56. Kg5 Ne4+ 57. Kxg6 Nxd2 58. Kxh5 Ne4 59. Kg6 Nxc5 60. h5 Nd7 61. h6 Ke6 62. Kg7 Nf6 63. Kg6 Ke7 64. Kg7 Ne8+ 65. Kg6 Nf6 66. Kg7 Nh5+ 1/2-1/2

[Event "Tenerife-chT Primera 1718"]
[Site "Tenerife"]
[Date "2018.04.07"]
[Round "14.3"]
[White "Zamanillo Iranzo, Jose Ignacio"]
[Black "Plasencia Garcia, Juan Carlos"]
[Result "1-0"]
[WhiteElo "1679"]
[BlackElo "1682"]
[PlyCount "47"]
[EventDate "2017.11.11"]
[EventType "team-tourn"]
[EventRounds "14"]
[EventCountry "ESP"]
[SourceTitle "EXT 2021"]
[Source "ChessBase"]
[SourceDate "2020.10.23"]
[SourceVersion "1"]
[SourceVersionDate "2020.10.23"]
[SourceQuality "1"]
[WhiteTeam "La Victoria 94 II"]
[BlackTeam "Ebano Casa Venezuela III"]
[WhiteTeamCountry "ESP"]
[BlackTeamCountry "ESP"]

1. e4 e5 2. Nf3 Nc6 3. Bb5 a6 4. Ba4 Bc5 5. 0-0 d6 6. c3 b5 7. Bb3 Bg4 8. d4 f5 9. Bd5 Nge7 10. Bg5 Qd7 11. Bxe7 Kxe7 12. dxc5 Raf8 13. cxd6+ cxd6 14. Qd3 Rf6 15. Nbd2 Rhf8 16. h3 Bxh3 17. Bxc6 Qxc6 18. Nxe5 dxe5 19. Qxh3 f4 20. Qxh7 Rg6 21. Qh4+ Rff6 22. Rfe1 Qe6 23. Qh8 Rf8 24. Qh5 1-0

[Event "Tenerife-chT Primera 1718"]
[Site "Tenerife"]
[Date "2018.02.24"]
[Round "10.3"]
[White "Zamanillo Iranzo, Jose Ignacio"]
[Black "Rodriguez Falcon, Jesus Manuel"]
[Result "1/2-1/2"]
[WhiteElo "1679"]
[BlackElo "1961"]
[PlyCount "20"]
[EventDate "2017.11.11"]
[EventType "team-tourn"]
[EventRounds "14"]
[EventCountry "ESP"]
[SourceTitle "CBM 187 Extra"]
[Source "ChessBase"]
[SourceDate "2018.11.04"]
[SourceVersion "1"]
[SourceVersionDate "2018.11.04"]
[SourceQuality "1"]
[WhiteTeam "La Victoria 94 II"]
[BlackTeam "El Sauzal Gofio Plus II"]
[WhiteTeamCountry "ESP"]
[BlackTeamCountry "ESP"]

1. e4 c5 2. Nf3 a6 3. d4 cxd4 4. Nxd4 Nc6 5. Nc3 e5 6. Nb3 Nf6 7. Be3 Bb4 8. Qd3 0-0 9. Bd2 Be7 10. a3 b5 1/2-1/2

[Event "Canarias-chT"]
[Site "San Cristobal de La Laguna"]
[Date "2017.06.23"]
[Round "2.2"]
[White "Calvo Nobrega, Joaquin Manuel"]
[Black "Zamanillo Iranzo, Jose Ignacio"]
[Result "1/2-1/2"]
[WhiteElo "1652"]
[BlackElo "1705"]
[PlyCount "56"]
[EventDate "2017.06.22"]
[EventType "team-swiss"]
[EventRounds "6"]
[EventCountry "ESP"]
[SourceTitle "EXT 2024"]
[Source "ChessBase"]
[SourceDate "2023.10.10"]
[SourceVersion "1"]
[SourceVersionDate "2023.10.10"]
[SourceQuality "1"]
[WhiteTeam "Circulo de Amistad XII Enero"]
[BlackTeam "La Victoria 94"]
[WhiteTeamCountry "ESP"]
[BlackTeamCountry "ESP"]

1. e4 e5 2. f4 exf4 3. Nf3 Be7 4. Bc4 d6 5. 0-0 Nc6 6. d4 Nf6 7. Nc3 0-0 8. Bxf4 Bg4 9. Qd2 a6 10. Rae1 b5 11. Bb3 Na5 12. Nd5 Nxb3 13. Nxe7+ Qxe7 14. axb3 Nxe4 15. Qd3 f5 16. d5 Qf7 17. c4 Nc5 18. Qc3 b4 19. Qc2 Rfe8 20. Ng5 Qd7 21. h3 Rxe1 22. Rxe1 Bh5 23. Ne6 Ne4 24. g4 Bg6 25. gxf5 Bxf5 26. Rxe4 Qf7 27. Qg2 Bxe4 28. Qxe4 Re8 1/2-1/2

[Event "Tenerife-chT Primera 1617"]
[Site "Tenerife"]
[Date "2017.01.28"]
[Round "5.3"]
[White "De Castro de Leon, Jorge"]
[Black "Zamanillo Iranzo, Jose Ignacio"]
[Result "0-1"]
[WhiteElo "1696"]
[BlackElo "1689"]
[PlyCount "54"]
[EventDate "2016.12.10"]
[EventType "team-tourn"]
[EventRounds "14"]
[EventCountry "ESP"]
[SourceTitle "CBM 176 Extra"]
[Source "ChessBase"]
[SourceDate "2017.03.02"]
[SourceVersion "1"]
[SourceVersionDate "2017.03.02"]
[SourceQuality "1"]
[WhiteTeam "El Sauzal II"]
[BlackTeam "La Victoria 94"]
[WhiteTeamCountry "ESP"]
[BlackTeamCountry "ESP"]

1. e4 e5 2. Nf3 Nc6 3. Bb5 a6 4. Ba4 Nf6 5. 0-0 b5 6. Bb3 Be7 7. Re1 d6 8. h3 0-0 9. c3 Na5 10. Bc2 c5 11. d4 Qc7 12. Bg5 Re8 13. Nbd2 Bd7 14. Nf1 h6 15. Bxf6 Bxf6 16. dxe5 dxe5 17. Ne3 Be6 18. b3 Red8 19. Qe2 Nc6 20. Rad1 Ne7 21. Rxd8+ Rxd8 22. Bb1 Ng6 23. Rd1 Nf4 24. Rxd8+ Qxd8 25. Qd2 Qxd2 26. Nxd2 Ne2+ 27. Kf1 Nxc3 0-1

[Event "Tenerife-chT Primera 1516"]
[Site "Tenerife"]
[Date "2016.04.02"]
[Round "11.2"]
[White "Zamanillo Iranzo, Jose Ignacio"]
[Black "Perez de la Torre, Jorge"]
[Result "0-1"]
[WhiteElo "1696"]
[BlackElo "1649"]
[PlyCount "94"]
[EventDate "2015.12.12"]
[EventType "team-tourn"]
[EventRounds "14"]
[EventCountry "ESP"]
[SourceTitle "EXT 2017"]
[Source "ChessBase"]
[SourceDate "2016.10.25"]
[SourceVersion "1"]
[SourceVersionDate "2016.10.25"]
[SourceQuality "1"]
[WhiteTeam "La Victoria 94"]
[BlackTeam "Circulo de Amistad"]
[WhiteTeamCountry "ESP"]
[BlackTeamCountry "ESP"]

1. e4 c5 2. Nf3 g6 3. d4 cxd4 4. Nxd4 Nc6 5. Be3 Bg7 6. Nc3 Nf6 7. Be2 0-0 8. Qd2 d5 9. exd5 Nxd5 10. Nxc6 bxc6 11. Bd4 e5 12. Bc5 Re8 13. Ne4 Be6 14. Rd1 Qc7 15. 0-0 Red8 16. Qg5 h6 17. Qh4 f5 18. Nd2 e4 19. c3 g5 20. Qh3 Qc8 21. Bc4 f4 22. Qh5 Bg4 23. Qg6 Re8 24. Nxe4 Re6 25. Nd6 Rxg6 26. Nxc8 Rxc8 27. f3 Be6 28. Rfe1 Ne3 29. Bxe3 Bxc4 30. Bxa7 Re6 31. b3 Bxc3 32. Rxe6 Bxe6 33. Rc1 Bb2 34. Rc2 Ba3 35. Bc5 Bxc5+ 36. Rxc5 Bd5 37. Rc3 Ra8 38. Rc2 Kf7 39. Re2 Re8 40. Rd2 Re3 41. Kf2 Ke7 42. Rd4 Rc3 43. Rd2 Kd6 44. Rb2 Kc5 45. Rd2 Kb4 46. Ke1 Rc1+ 47. Kf2 Ka3 0-1

[Event "Tenerife-chT Primera 1516"]
[Site "Tenerife"]
[Date "2016.01.16"]
[Round "4.4"]
[White "Febles Dominguez, Alfonso Jesus"]
[Black "Zamanillo Iranzo, Jose Ignacio"]
[Result "0-1"]
[WhiteElo "1351"]
[BlackElo "1696"]
[PlyCount "128"]
[EventDate "2015.12.12"]
[EventType "team-tourn"]
[EventRounds "14"]
[EventCountry "ESP"]
[SourceTitle "CBM 170 Extra"]
[Source "ChessBase"]
[SourceDate "2016.02.25"]
[SourceVersion "1"]
[SourceVersionDate "2016.02.25"]
[SourceQuality "1"]
[WhiteTeam "Circulo de Amistad"]
[BlackTeam "La Victoria 94"]
[WhiteTeamCountry "ESP"]
[BlackTeamCountry "ESP"]

1. c4 Nf6 2. Nc3 e6 3. Nf3 d5 4. d4 Nbd7 5. e3 Be7 6. Be2 0-0 7. 0-0 dxc4 8. Bxc4 c5 9. Qc2 cxd4 10. Nxd4 a6 11. Re1 Ne5 12. Be2 Qc7 13. Qb3 b5 14. a3 Bb7 15. f4 Ned7 16. Bf3 Bxf3 17. Nxf3 Nc5 18. Qc2 Nce4 19. Re2 Nxc3 20. bxc3 Rac8 21. Bb2 Bc5 22. Kh1 Bb6 23. h4 Nd5 24. Ng5 g6 25. Qe4 Nxc3 26. Bxc3 Qxc3 27. Raa2 Qc6 28. Qe5 Bc7 29. Qd4 Bd8 30. Nf3 f6 31. Qd3 Be7 32. Qb3 Qc4 33. Qb2 Qc1+ 34. Kh2 Qxb2 35. Rexb2 Rc7 36. Rb3 Rfc8 37. Nd4 Kf7 38. Kg3 Rc3 39. Kf3 e5 40. Rxc3 Rxc3 41. Nc2 exf4 42. Kxf4 Bd6+ 43. Ke4 Rc4+ 44. Nd4 Rc5 45. g4 Re5+ 46. Kd3 h5 47. Nf3 Rc5 48. g5 Rc1 49. Ke2 Rb1 50. a4 b4 51. Nd2 Rh1 52. Nf3 Be5 53. Nxe5+ fxe5 54. Kd3 Rxh4 55. Rf2+ Kg7 56. Rf6 b3 57. Rxa6 Rb4 58. Ra7+ Kf8 59. Kc3 b2 60. Ra8+ Ke7 61. Kxb4 b1Q+ 62. Kc5 Qc2+ 63. Kd5 Qd3+ 64. Kxe5 Qxe3+ 0-1

[Event "Tenerife-chT Primera 1516"]
[Site "Tenerife"]
[Date "2016.01.09"]
[Round "3.3"]
[White "Zamanillo Iranzo, Jose Ignacio"]
[Black "Calvo Nobrega, Joaquin Manuel"]
[Result "1-0"]
[WhiteElo "1696"]
[BlackElo "1710"]
[PlyCount "109"]
[EventDate "2015.12.12"]
[EventType "team-tourn"]
[EventRounds "14"]
[EventCountry "ESP"]
[SourceTitle "CBM 170 Extra"]
[Source "ChessBase"]
[SourceDate "2016.02.25"]
[SourceVersion "1"]
[SourceVersionDate "2016.02.25"]
[SourceQuality "1"]
[WhiteTeam "La Victoria 94"]
[BlackTeam "Casa de Venezuela"]
[WhiteTeamCountry "ESP"]
[BlackTeamCountry "ESP"]

1. e4 e5 2. Nf3 Nc6 3. Bb5 Nge7 4. 0-0 g6 5. Nc3 Bg7 6. d3 h6 7. Be3 0-0 8. Qd2 Kh7 9. Ne2 f5 10. exf5 Nxf5 11. c3 Nxe3 12. fxe3 Ne7 13. e4 d6 14. d4 exd4 15. Nfxd4 c6 16. Bc4 d5 17. exd5 Nxd5 18. Rxf8 Bxf8 19. Rf1 Qe7 20. Nf4 Qe3+ 21. Qf2 Qxf2+ 22. Rxf2 Ne3 23. Bd3 Bf5 24. Bxf5 Nxf5 25. Nxf5 gxf5 26. Ne6 Kg6 27. Nxf8+ Rxf8 28. Rd2 Rf7 29. Kf2 Re7 30. Kf3 c5 31. b3 a5 32. Rd5 Rc7 33. Kf4 Rc6 34. Rxf5 b6 35. g4 Rd6 36. Re5 Kf6 37. Re2 Rd5 38. h4 Rd8 39. g5+ hxg5+ 40. hxg5+ Kf7 41. g6+ Kf6 42. Rg2 Rf8 43. Ke4 Kg7 44. Kd5 Rf6 45. Kc4 Re6 46. Kb5 Rd6 47. b4 axb4 48. cxb4 cxb4 49. Kxb4 Rf6 50. Kb5 Re6 51. Rg4 Rd6 52. a4 Rf6 53. Ka6 Re6 54. Rb4 Rxg6 55. Rxb6 1-0

[Event "Tenerife-chT Primera 1516"]
[Site "Tenerife"]
[Date "2015.12.12"]
[Round "1.3"]
[White "Zamanillo Iranzo, Jose Ignacio"]
[Black "De Castro de Leon, Jorge"]
[Result "0-1"]
[WhiteElo "1696"]
[BlackElo "1678"]
[PlyCount "120"]
[EventDate "2015.12.12"]
[EventType "team-tourn"]
[EventRounds "14"]
[EventCountry "ESP"]
[SourceTitle "CBM 170 Extra"]
[Source "ChessBase"]
[SourceDate "2016.02.25"]
[SourceVersion "1"]
[SourceVersionDate "2016.02.25"]
[SourceQuality "1"]
[WhiteTeam "La Victoria 94"]
[BlackTeam "El Sauzal II"]
[WhiteTeamCountry "ESP"]
[BlackTeamCountry "ESP"]

1. e4 c5 2. Nf3 d6 3. d4 cxd4 4. Nxd4 Nf6 5. Nc3 g6 6. Be2 Bg7 7. Be3 0-0 8. f3 Nc6 9. Qd2 Bd7 10. h4 Rc8 11. g4 Ne5 12. Bh6 Bxh6 13. Qxh6 Qa5 14. Qd2 Nc4 15. Bxc4 Rxc4 16. Nb3 Qa6 17. 0-0-0 Rfc8 18. Kb1 Bxg4 19. fxg4 Rxc3 20. bxc3 Nxe4 21. Qd3 Nxc3+ 22. Kc1 Qa3+ 23. Kd2 Nxd1 24. Rxd1 Qb4+ 25. c3 Qxg4 26. Kc2 Qxh4 27. Qe3 a5 28. Rd4 Qh5 29. Qxe7 Qf3 30. Rd3 Qg2+ 31. Rd2 Qc6 32. Qe3 a4 33. Nd4 Qc4 34. Kb1 Qf1+ 35. Kb2 a3+ 36. Kxa3 Qc1+ 37. Kb4 Ra8 38. Nb3 Qa3+ 39. Kc4 Qa6+ 40. Kd4 Rc8 41. Qd3 Qb6+ 42. Ke4 Qc6+ 43. Kf4 Qxc3 44. Qxc3 Rxc3 45. Rxd6 Rc2 46. a4 Rc3 47. Rb6 Rc4+ 48. Ke5 Rxa4 49. Rxb7 h5 50. Nd4 h4 51. Nf3 Rg4 52. Kd5 g5 53. Rxf7 Kxf7 54. Ne5+ Kf6 55. Nxg4+ Kf5 56. Ne3+ Kf4 57. Kd4 h3 58. Nf1 g4 59. Kd3 g3 60. Ke2 h2 0-1

[Event "Tenerife-chT Primera"]
[Site "Tenerife"]
[Date "2015.05.02"]
[Round "11.1"]
[White "Zamanillo Iranzo, Jose Ignacio"]
[Black "Evora Brondo, Jose Luis"]
[Result "1/2-1/2"]
[WhiteElo "1696"]
[BlackElo "1941"]
[PlyCount "51"]
[EventDate "2015.01.24"]
[EventType "swiss"]
[EventRounds "14"]
[EventCountry "ESP"]
[SourceTitle "EXT 2024"]
[Source "ChessBase"]
[SourceDate "2023.10.10"]
[SourceVersion "1"]
[SourceVersionDate "2023.10.10"]
[SourceQuality "1"]
[WhiteTeam "La Victoria 94"]
[BlackTeam "Circulo de Amistad XII Enero"]
[WhiteTeamCountry "ESP"]
[BlackTeamCountry "ESP"]

1. e4 e5 2. Nf3 Nc6 3. Bb5 a6 4. Ba4 Nf6 5. 0-0 b5 6. Bb3 Bc5 7. c3 d6 8. d4 exd4 9. cxd4 Bb6 10. h3 h6 11. Re1 0-0 12. Nc3 Re8 13. a3 Bb7 14. Bc2 Qd7 15. Bf4 b4 16. Nd5 Nxd5 17. exd5 Ne7 18. Ba4 c6 19. dxc6 Bxc6 20. Bxc6 Nxc6 21. Qd3 Rxe1+ 22. Rxe1 bxa3 23. bxa3 d5 24. Ne5 Nxe5 25. Bxe5 Bc7 26. Qf3 1/2-1/2

[Event "Tenerife-chT Primera 1314"]
[Site "Tenerife"]
[Date "2014.04.12"]
[Round "14.1"]
[White "Pereda de Pablo, Ernesto"]
[Black "Zamanillo Iranzo, Jose Ignacio"]
[Result "1-0"]
[WhiteElo "2101"]
[BlackElo "1715"]
[PlyCount "71"]
[EventDate "2013.12.14"]
[EventType "team-tourn"]
[EventRounds "14"]
[EventCountry "ESP"]
[SourceTitle "EXT 2015"]
[Source "ChessBase"]
[SourceDate "2014.11.20"]
[SourceVersion "1"]
[SourceVersionDate "2014.11.20"]
[SourceQuality "1"]
[WhiteTeam "Laguna Cotelec II"]
[BlackTeam "La Victoria 94"]
[WhiteTeamCountry "ESP"]
[BlackTeamCountry "ESP"]

1. d4 Nf6 2. Nf3 d5 3. c4 e6 4. Nc3 Be7 5. Bg5 Nbd7 6. e3 0-0 7. Qc2 a6 8. cxd5 exd5 9. Bd3 h6 10. Bh4 b5 11. 0-0 Bb7 12. Rac1 c5 13. dxc5 Nxc5 14. Bf5 Nfe4 15. Bxe7 Qxe7 16. Rfd1 Nxc3 17. Qxc3 Ne6 18. Qe5 Rac8 19. Nd4 Rxc1 20. Rxc1 Re8 21. Bxe6 fxe6 22. Rc7 Rc8 23. Rxc8+ Bxc8 24. h3 g6 25. Qb8 Qd7 26. b4 Kh7 27. Nf3 Qb7 28. Qd6 Qd7 29. Qc5 Bb7 30. Ne5 Qg7 31. Qd6 Bc8 32. f4 h5 33. Qd8 Qg8 34. Qc7+ Kh6 35. Nf7+ Kh7 36. Nd6+ 1-0

[Event "Tenerife-ch Seniors"]
[Site "Laguna-Cotelec"]
[Date "2014.03.05"]
[Round "3.3"]
[White "Zamanillo Iranzo, Jose Ignacio"]
[Black "Cordero Alamo, Ramon"]
[Result "1/2-1/2"]
[WhiteElo "1715"]
[BlackElo "1506"]
[PlyCount "110"]
[EventDate "2014.02.21"]
[EventType "swiss"]
[EventRounds "9"]
[EventCountry "ESP"]
[SourceTitle "EXT 2024"]
[Source "ChessBase"]
[SourceDate "2023.10.10"]
[SourceVersion "1"]
[SourceVersionDate "2023.10.10"]
[SourceQuality "1"]

1. e4 e6 2. d4 d5 3. exd5 exd5 4. Bd3 Nf6 5. Nf3 Be7 6. Bf4 0-0 7. 0-0 c6 8. Nbd2 Bg4 9. c3 Nbd7 10. Qc2 Bxf3 11. Nxf3 Re8 12. Rfe1 Nf8 13. h3 Nh5 14. Bh2 g6 15. Re3 Ne6 16. Rae1 Bd6 17. Bxd6 Qxd6 18. Ng5 Nhg7 19. Nxe6 Rxe6 20. Rxe6 Nxe6 21. Re3 Re8 22. Qe2 Kf8 23. g3 Nc7 24. Kg2 Rxe3 25. Qxe3 Kg7 26. f4 Qe6 27. Qe5+ Qxe5 28. fxe5 Ne6 29. h4 f6 30. exf6+ Kxf6 31. h5 gxh5 32. Bxh7 Ng5 33. Bd3 Ne4 34. Kf3 Ng5+ 35. Ke3 Ne6 36. b4 Kg5 37. a4 Kg4 38. Kf2 Ng5 39. Be2+ Kf5 40. Ke3 Kg6 41. Bd3+ Kf6 42. b5 Ne6 43. bxc6 bxc6 44. a5 Kg5 45. Ba6 Nd8 46. Bc8 Nf7 47. Bd7 Nd8 48. Kd3 h4 49. gxh4+ Kxh4 50. c4 Kg5 51. cxd5 cxd5 52. Kc3 Kf6 53. Kb4 Ke7 54. Bb5 Kd6 55. a6 Ne6 1/2-1/2

[Event "Tenerife-chT Primera 1314"]
[Site "Tenerife"]
[Date "2014.02.08"]
[Round "6.2"]
[White "Zamanillo Iranzo, Jose Ignacio"]
[Black "Rodriguez Redondo, Ethan"]
[Result "0-1"]
[WhiteElo "1715"]
[BlackElo "1619"]
[PlyCount "108"]
[EventDate "2013.12.14"]
[EventType "team-tourn"]
[EventRounds "14"]
[EventCountry "ESP"]
[SourceTitle "EXT 2015"]
[Source "ChessBase"]
[SourceDate "2014.11.20"]
[SourceVersion "1"]
[SourceVersionDate "2014.11.20"]
[SourceQuality "1"]
[WhiteTeam "La Victoria 94"]
[BlackTeam "Cajacanarias Tenerife"]
[WhiteTeamCountry "ESP"]
[BlackTeamCountry "ESP"]

1. e4 e5 2. Nf3 Nf6 3. Nc3 Bb4 4. Bc4 0-0 5. 0-0 d6 6. Nd5 Ba5 7. d3 h6 8. h3 c6 9. Nxf6+ Qxf6 10. c3 Re8 11. Be3 Be6 12. Bb3 d5 13. Qe2 Nd7 14. Rfd1 Nf8 15. Nh2 Ng6 16. Qf3 Qxf3 17. Nxf3 f5 18. exf5 Bxf5 19. d4 e4 20. Nd2 b5 21. a4 a6 22. axb5 axb5 23. Bc2 Bc7 24. Nb3 Nf4 25. Nc5 g5 26. Bxf4 gxf4 27. f3 Rad8 28. Re1 Re7 29. Ra7 Rde8 30. Na6 Bb6 31. Rxe7 Rxe7 32. Nb4 Re6 33. Ra1 Rd6 34. Ra6 c5 35. Nxd5 Rxd5 36. Rxb6 exf3 37. Bxf5 Rxf5 38. Rxb5 Rg5 39. g4 fxg3 40. Rxc5 Rg6 41. Rf5 f2+ 42. Kg2 h5 43. b4 h4 44. c4 Re6 45. b5 Re1 46. Rxf2 gxf2 47. Kxf2 Rb1 48. Kf3 Rb4 49. Ke4 Rxc4 50. Kd5 Rb4 51. Kc5 Rb3 52. b6 Rxh3 53. b7 Rb3 54. Kc6 h3 0-1

[Event "Tenerife-chT Primera 1314"]
[Site "Tenerife"]
[Date "2013.12.21"]
[Round "2.1"]
[White "Zamanillo Iranzo, Jose Ignacio"]
[Black "Rodriguez Paz, Jose Manuel"]
[Result "1/2-1/2"]
[WhiteElo "1715"]
[BlackElo "1766"]
[PlyCount "73"]
[EventDate "2013.12.14"]
[EventType "team-tourn"]
[EventRounds "14"]
[EventCountry "ESP"]
[SourceTitle "EXT 2015"]
[Source "ChessBase"]
[SourceDate "2014.11.20"]
[SourceVersion "1"]
[SourceVersionDate "2014.11.20"]
[SourceQuality "1"]
[WhiteTeam "La Victoria 94"]
[BlackTeam "Universidad"]
[WhiteTeamCountry "ESP"]
[BlackTeamCountry "ESP"]

1. e4 c5 2. Nf3 e6 3. d4 cxd4 4. Nxd4 a6 5. a3 Qc7 6. Nc3 Nf6 7. Bd3 Bc5 8. Be3 0-0 9. 0-0 b5 10. Qe2 Bb7 11. Rfe1 Qb6 12. Nf3 Bxe3 13. Qxe3 Qxe3 14. Rxe3 d6 15. h3 Nbd7 16. b4 Rac8 17. Ne2 h6 18. Ng3 Nb6 19. Nd2 Nfd7 20. Ree1 Ne5 21. Rac1 Rc3 22. Nb1 Rxd3 23. cxd3 Nxd3 24. Rc7 Nxe1 25. Rxb7 Nc4 26. Ra7 Rb8 27. Rxa6 Nc2 28. Ne2 Kh7 29. Nec3 Kg6 30. g3 Rb7 31. f4 Kf6 32. Kf2 Nd4 33. Ne2 Nc2 34. Nec3 g5 35. Ra8 Nd4 36. Rh8 Kg7 37. Ra8 1/2-1/2

[Event "La Laguna op"]
[Site "La Laguna"]
[Date "2013.10.30"]
[Round "6"]
[White "Zamanillo Iranzo, Jose Ignacio"]
[Black "Guniaeva, Olga"]
[Result "1-0"]
[WhiteElo "1725"]
[BlackElo "1588"]
[PlyCount "89"]
[EventDate "2013.10.21"]
[EventType "swiss"]
[EventRounds "7"]
[EventCountry "ESP"]
[SourceTitle "EXT 2014"]
[Source "ChessBase"]
[SourceDate "2013.11.20"]
[SourceVersion "1"]
[SourceVersionDate "2013.11.20"]
[SourceQuality "1"]

1. e4 c6 2. d4 d5 3. exd5 cxd5 4. Bd3 Nc6 5. Nf3 Bg4 6. c3 Nf6 7. Bf4 e6 8. Nbd2 Bd6 9. Bxd6 Qxd6 10. 0-0 0-0 11. Qb3 Rab8 12. Rfe1 Rfe8 13. Ne5 Bh5 14. h3 Nd7 15. Nxc6 bxc6 16. Qc2 Bg6 17. b3 Bxd3 18. Qxd3 c5 19. Nf3 h6 20. Ne5 Rec8 21. Nxd7 Qxd7 22. dxc5 Rxc5 23. c4 Qc7 24. cxd5 Rxd5 25. Qe3 Rbd8 26. Rac1 Qa5 27. Re2 Rd2 28. Rxd2 Rxd2 29. a4 Rd5 30. Qc3 Qb6 31. b4 Rf5 32. Qb2 Rf4 33. Rb1 Kh7 34. a5 Qb7 35. b5 Rc4 36. Qe2 Qc7 37. b6 axb6 38. axb6 Rc1+ 39. Rxc1 Qxb6 40. Qe4+ g6 41. Qe5 Qd8 42. Rb1 h5 43. Rb8 Qg8 44. Rxg8 Kxg8 45. g4 1-0